00971cam a22002531 4500001001300000003000400013005001700017008004100034010001700075035001900092040007600111050002200187111008900209245001400298260011400312300003700426500005800463504002900521650005100550650002700601710003900628710003300667999001700700hew64000026 DLC20260227111513.0800527s1963 dcua b f000 0 eng c ahew64000026  a(OCoLC)6362190 aU.S. Dept. of Health, Education, and Welfare. LibrarycICSUdOCoLCdDLC00aRJ206b.I45 1963c2 aInstitute on Nutrition Services in Mental Retardation Programsd(1963 :cCincinnati)02aA report. a[Washington]bU.S. Dept. of Health, Education, and Welfare, Welfare Administration, Children's Bureau,c1963. a119 p.bdiagrs., tables.c26 cm. a"Sponsored by Ohio Department of Health [and others]" aIncludes bibliographies. 0aChildren with mental disabilitiesvCongresses. 0aNutritionvCongresses.1 aUnited States.bChildren's Bureau.1 aOhio.bDepartment of Health. c34464d34464